|
|
|
|
| LEADER |
00967nta a2200205 i 4500 |
| 001 |
dipl65859 |
| 005 |
20230224150609.0 |
| 008 |
170525s2015 hu om 0|| hun d |
| 040 |
|
|
|a SZTE Diploma Repozitórium
|b hun
|
| 041 |
|
|
|a hun
|
| 100 |
1 |
|
|a Tóth Tibor
|
| 245 |
1 |
2 |
|a A bélfal simaizom rétegeinek strukturális változásai kísérletesen indukált Crohn-beteg állatmodellekben
|h [elektronikus dokumentum] /
|c Tibor Tóth
|
| 246 |
1 |
0 |
|a Structural changes of the intestinal smooth muscle layers in experimentally-induced Crohn diseased animal models
|h [elektronikus dokumentum]
|
| 260 |
|
|
|c 2015
|
| 650 |
|
4 |
|a Természettudományok
|
| 650 |
|
4 |
|a Natural sciences
|
| 650 |
|
4 |
|a Biological sciences
|
| 700 |
1 |
|
|a Talapka Petra
|e ths
|
| 856 |
4 |
0 |
|u https://diploma.bibl.u-szeged.hu/id/eprint/65859/1/2016_T%C3%B3th_Tibor_TOTTADT_SZE_SZ.pdf
|z Dokumentum-elérés
|
| 856 |
4 |
0 |
|u https://diploma.bibl.u-szeged.hu/id/eprint/65859/7/2015_toth_tibor_biralati_lap.pdf
|z Dokumentum-elérés
|